00319 a2200121 4500001000700000020000600007040001100013100002300024240006900047245006400116362000900180440000800189176302 a  cMagnum aGiovanni, Jose Ruy10aMatematica: matrizes, determinantes e sistemas lineares/v.6lpor10aMatematica: matrizes, determinantes e sistemas lineares/v.60 a1899 1aFTD